[Event "Aberto Brasil - II Niterói Chess Open "]
[Site "Salão de Convenções do Hot"]
[Date "2022.09.02"]
[Round "3.6"]
[White "Barbosa, Evandro Amorim"]
[Black "Do Valle Cardoso, Lucas"]
[Result "1/2-1/2"]
[WhiteElo "2481"]
[BlackElo "2162"]
[PlyCount "144"]
[EventDate "2022.09.01"]
[EventRounds "9"]
[EventCountry "BRA"]

1. e4 {[%emt 0:04:19]} e5 {[%emt 0:00:06]} 2. Nf3 {[%emt 0:00:06]} Nc6 {
[%emt 0:00:04]} 3. Bc4 {[%emt 0:00:06]} Nf6 {[%emt 0:00:07]} 4. d3 {[%emt 0:00:
30]} Bc5 {[%emt 0:00:07]} 5. Nc3 {[%emt 0:00:30]} d6 {[%emt 0:00:21]} 6. Na4 {
[%emt 0:01:22]} Bb6 {[%emt 0:00:52]} 7. a3 {[%emt 0:01:45]} h6 {[%emt 0:02:43]}
8. b4 {[%emt 0:00:34]} O-O {[%emt 0:01:33]} 9. h3 {[%emt 0:03:13]} Be6 {
[%emt 0:02:48]} 10. Bxe6 {[%emt 0:02:56]} fxe6 {[%emt 0:00:57]} 11. c4 {
[%emt 0:00:14]} Nd4 {[%emt 0:02:20]} 12. Nxb6 {[%emt 0:00:44]} Nxf3+ {[%emt 0:
03:14]} 13. Qxf3 {[%emt 0:00:17]} axb6 {[%emt 0:00:08]} 14. O-O {[%emt 0:05:01]
} Qe8 {[%emt 0:05:12]} 15. Qe2 {[%emt 0:00:36]} Nh5 {[%emt 0:05:48]} 16. g3 {
[%emt 0:03:45]} Qg6 {[%emt 0:00:54]} 17. Qg4 {[%emt 0:01:37]} Kh7 {[%emt 0:02:
13]} 18. a4 {[%emt 0:07:38]} Ra6 {[%emt 0:13:34]} 19. Qxg6+ {[%emt 0:02:11]}
Kxg6 {[%emt 0:01:54]} 20. Be3 {[%emt 0:00:09]} Nf6 {[%emt 0:18:57]} 21. a5 {
[%emt 0:05:28]} bxa5 {[%emt 0:03:20]} 22. bxa5 {[%emt 0:03:00]} Rfa8 {[%emt 0:
03:06]} 23. Rab1 {[%emt 0:00:45]} Rxa5 {[%emt 0:00:26]} 24. Rxb7 {[%emt 0:00:
12]} Ra3 {[%emt 0:01:12]} 25. Rd1 {[%emt 0:00:33]} Ra1 {[%emt 0:00:39]} 26.
Rxa1 {[%emt 0:00:26]} Rxa1+ {[%emt 0:00:11]} 27. Kg2 {[%emt 0:00:03]} Ra3 {
[%emt 0:02:30]} 28. Rxc7 {[%emt 0:00:56]} Rxd3 {[%emt 0:00:12]} 29. Kf3 {
[%emt 0:00:53]} d5 {[%emt 0:01:14]} 30. cxd5 {[%emt 0:02:48]} exd5 {[%emt 0:00:
14]} 31. exd5 {[%emt 0:00:58]} Rxd5 {[%emt 0:00:10]} 32. g4 {[%emt 0:00:35]}
Ra5 {[%emt 0:04:40]} 33. Re7 {[%emt 0:02:22]} Rb5 {[%emt 0:01:26]} 34. Bd2 {
[%emt 0:01:59]} Ng8 {[%emt 0:03:48]} 35. Re6+ {[%emt 0:01:27]} Kf7 {[%emt 0:00:
09]} 36. Rc6 {[%emt 0:00:20]} Nf6 {[%emt 0:10:35]} 37. Bc3 {[%emt 0:01:13]} Rb3
{[%emt 0:02:52]} 38. Kg2 {[%emt 0:00:35]} Rb5 {[%emt 0:02:03]} 39. Ra6 {
[%emt 0:02:53]} h5 {[%emt 0:01:27]} 40. Ra4 {[%emt 0:09:18]} hxg4 {[%emt 0:00:
30]} 41. hxg4 {[%emt 0:00:07]} Rd5 {[%emt 0:00:58]} 42. Rc4 {[%emt 0:01:16]}
Nd7 {[%emt 0:01:30]} 43. Rc7 {[%emt 0:00:37]} Ke6 {[%emt 0:00:17]} 44. Ra7 {
[%emt 0:01:11]} Rd3 {[%emt 0:00:29]} 45. Bb2 {[%emt 0:00:40]} Rd6 {[%emt 0:00:
56]} 46. Bc1 {[%emt 0:01:42]} Rc6 {[%emt 0:01:19]} 47. Be3 {[%emt 0:00:17]} Rd6
{[%emt 0:00:34]} 48. Kg3 {[%emt 0:00:33]} Kf6 {[%emt 0:00:49]} 49. Rc7 {
[%emt 0:01:02]} Kg6 {[%emt 0:00:17]} 50. Ra7 {[%emt 0:01:31]} Kf6 {[%emt 0:00:
45]} 51. Ra8 {[%emt 0:00:37]} Nb6 {[%emt 0:01:32]} 52. Rf8+ {[%emt 0:01:06]}
Kg6 {[%emt 0:00:01]} 53. Bxb6 {[%emt 0:03:52]} Rxb6 {[%emt 0:00:07]} 54. Rf5 {
[%emt 0:00:06]} Rb3+ {[%emt 0:01:14]} 55. Kg2 {[%emt 0:01:17]} Rb4 {[%emt 0:00:
37]} 56. f3 {[%emt 0:03:06]} e4 {[%emt 0:01:02]} 57. f4 {[%emt 0:01:12]} Rb2+ {
[%emt 0:00:03]} 58. Kg3 {[%emt 0:00:16]} Rb3+ {[%emt 0:00:07]} 59. Kh4 {
[%emt 0:00:42]} Rb8 {[%emt 0:01:46]} 60. Re5 {[%emt 0:00:36]} Kf6 {[%emt 0:00:
06]} 61. g5+ {[%emt 0:00:19]} Kf7 {[%emt 0:00:04]} 62. Rxe4 {[%emt 0:01:04]} g6
{[%emt 0:00:05]} 63. Rc4 {[%emt 0:00:50]} Rb3 {[%emt 0:00:51]} 64. Kg4 {
[%emt 0:00:06]} Ra3 {[%emt 0:00:07]} 65. Rc7+ {[%emt 0:00:13]} Kf8 {[%emt 0:00:
04]} 66. Rb7 {[%emt 0:02:03]} Rc3 {[%emt 0:00:04]} 67. Rb4 {[%emt 0:00:06]} Ra3
{[%emt 0:00:06]} 68. f5 {[%emt 0:01:05]} gxf5+ {[%emt 0:00:13]} 69. Kh5 {
[%emt 0:00:09]} Ra8 {[%emt 0:00:42]} 70. Kh6 {[%emt 0:01:30]} Kg8 {[%emt 0:00:
05]} 71. Kg6 {[%emt 0:01:37]} f4 {[%emt 0:00:08]} 72. Rxf4 {[%emt 0:00:10]} Rc8
{[%emt 0:00:05]} 1/2-1/2

[Event "Aberto Brasil - II Niterói Chess Open "]
[Site "Salão de Convenções do Hot"]
[Date "2022.09.02"]
[Round "3.7"]
[White "Aranha Filho, Alvaro Z."]
[Black "Di Berardino, Diego Rafael"]
[Result "0-1"]
[WhiteElo "2184"]
[BlackElo "2464"]
[PlyCount "60"]
[EventDate "2022.09.01"]
[EventRounds "9"]
[EventCountry "BRA"]

1. d4 {[%emt 0:06:23]} Nf6 {[%emt 0:00:34]} 2. Nf3 {[%emt 0:00:09]} e6 {
[%emt 0:03:02]} 3. Bg5 {[%emt 0:00:26]} c5 {[%emt 0:01:44]} 4. c3 {[%emt 0:00:
40]} h6 {[%emt 0:02:49]} 5. Bxf6 {[%emt 0:02:59]} Qxf6 {[%emt 0:00:05]} 6. e4 {
[%emt 0:01:41]} d5 {[%emt 0:04:21]} 7. Bb5+ {[%emt 0:03:33]} Bd7 {[%emt 0:00:
48]} 8. Bxd7+ {[%emt 0:00:35]} Nxd7 {[%emt 0:00:05]} 9. exd5 {[%emt 0:01:14]}
exd5 {[%emt 0:03:32]} 10. O-O {[%emt 0:00:52]} O-O-O {[%emt 0:02:08]} 11. Qb3 {
[%emt 0:05:00]} Qf5 {[%emt 0:09:38]} 12. c4 {[%emt 0:14:24]} dxc4 {[%emt 0:04:
03]} 13. Qxc4 {[%emt 0:00:16]} Kb8 {[%emt 0:00:07]} 14. Nc3 {[%emt 0:02:16]}
cxd4 {[%emt 0:12:31]} 15. Nxd4 {[%emt 0:00:53]} Nb6 {[%emt 0:05:50]} 16. Qc7+ {
[%emt 0:07:21]} Kxc7 {[%emt 0:00:05]} 17. Nxf5 {[%emt 0:00:09]} g6 {[%emt 0:04:
44]} 18. Nb5+ {[%emt 0:02:51]} Kb8 {[%emt 0:00:24]} 19. Ne3 {[%emt 0:09:10]}
Bg7 {[%emt 0:01:35]} 20. a4 {[%emt 0:03:08]} Bxb2 {[%emt 0:05:26]} 21. Ra2 {
[%emt 0:04:24]} Bg7 {[%emt 0:02:03]} 22. a5 {[%emt 0:01:30]} Nd5 {[%emt 0:00:
50]} 23. Nc4 {[%emt 0:03:31]} a6 {[%emt 0:16:02]} 24. Nbd6 {[%emt 0:01:07]} Nc3
{[%emt 0:00:26]} 25. Rd2 {[%emt 0:04:24]} Nb5 {[%emt 0:01:45]} 26. Nxb5 {
[%emt 0:06:17]} axb5 {[%emt 0:02:11]} 27. Rxd8+ {[%emt 0:03:00]} Rxd8 {[%emt 0:
00:06]} 28. Ne3 {[%emt 0:00:03]} Ka7 {[%emt 0:03:24]} 29. Rc1 {[%emt 0:00:20]}
Rd7 {[%emt 0:00:18]} 30. Rc8 {[%emt 0:01:48]} b4 {[%emt 0:00:36]} 0-1

[Event "Aberto Brasil - II Niterói Chess Open "]
[Site "Salão de Convenções do Hot"]
[Date "2022.09.02"]
[Round "3.8"]
[White "Rodriguez Vila, Andres"]
[Black "Piccoli, Lucas Fonseca"]
[Result "1-0"]
[WhiteElo "2452"]
[BlackElo "2156"]
[PlyCount "105"]
[EventDate "2022.09.01"]
[EventRounds "9"]
[EventCountry "BRA"]

1. d4 {[%emt 0:32:11]} Nf6 {[%emt 0:01:24]} 2. Nc3 {[%emt 0:00:06]} d5 {
[%emt 0:00:13]} 3. Bf4 {[%emt 0:00:05]} e6 {[%emt 0:00:20]} 4. e3 {[%emt 0:00:
05]} Bb4 {[%emt 0:03:56]} 5. Nge2 {[%emt 0:00:14]} b6 {[%emt 0:01:38]} 6. a3 {
[%emt 0:00:30]} Be7 {[%emt 0:00:08]} 7. Nb5 {[%emt 0:01:23]} Na6 {[%emt 0:00:
31]} 8. h4 {[%emt 0:00:12]} c6 {[%emt 0:00:59]} 9. Nbc3 {[%emt 0:00:05]} Nc7 {
[%emt 0:10:35]} 10. h5 {[%emt 0:00:51]} h6 {[%emt 0:00:50]} 11. Nc1 {[%emt 0:
01:28]} Bd6 {[%emt 0:03:14]} 12. Qf3 {[%emt 0:01:25]} O-O {[%emt 0:11:13]} 13.
Nd3 {[%emt 0:07:43]} Bxf4 {[%emt 0:01:12]} 14. Qxf4 {[%emt 0:00:55]} Bb7 {
[%emt 0:00:42]} 15. Rh3 {[%emt 0:07:17]} Nce8 {[%emt 0:07:41]} 16. Ne5 {
[%emt 0:00:58]} Nh7 {[%emt 0:03:14]} 17. Rg3 {[%emt 0:00:31]} Ng5 {[%emt 0:00:
09]} 18. Bd3 {[%emt 0:01:42]} Nf6 {[%emt 0:01:50]} 19. Rxg5 {[%emt 0:02:07]}
hxg5 {[%emt 0:00:09]} 20. Qxg5 {[%emt 0:00:02]} Ne4 {[%emt 0:05:50]} 21. Qxd8 {
[%emt 0:05:46]} Rfxd8 {[%emt 0:01:06]} 22. Nxe4 {[%emt 0:00:05]} dxe4 {[%emt 0:
00:04]} 23. Bxe4 {[%emt 0:00:05]} Rac8 {[%emt 0:00:22]} 24. c4 {[%emt 0:00:48]}
f6 {[%emt 0:00:24]} 25. Ng6 {[%emt 0:00:26]} Rc7 {[%emt 0:00:28]} 26. Nf4 {
[%emt 0:00:54]} Kf7 {[%emt 0:00:51]} 27. g4 {[%emt 0:06:01]} e5 {[%emt 0:03:55]
} 28. dxe5 {[%emt 0:00:27]} fxe5 {[%emt 0:00:03]} 29. Nd3 {[%emt 0:01:36]} Kf6
{[%emt 0:02:58]} 30. f3 {[%emt 0:05:12]} Rcd7 {[%emt 0:02:48]} 31. Ke2 {
[%emt 0:02:53]} c5 {[%emt 0:00:43]} 32. Bf5 {[%emt 0:04:47]} Rd6 {[%emt 0:00:
58]} 33. b3 {[%emt 0:01:02]} Bc6 {[%emt 0:03:34]} 34. Ra2 {[%emt 0:01:16]} Bd7
{[%emt 0:04:05]} 35. Be4 {[%emt 0:00:38]} Be8 {[%emt 0:05:06]} 36. a4 {[%emt 0:
01:26]} Bf7 {[%emt 0:02:10]} 37. Nf2 {[%emt 0:02:27]} g6 {[%emt 0:01:16]} 38.
hxg6 {[%emt 0:08:15]} Bxg6 {[%emt 0:00:08]} 39. Bd5 {[%emt 0:00:19]} a5 {
[%emt 0:03:12]} 40. f4 {[%emt 0:01:06]} Re8 {[%emt 0:00:53]} 41. f5 {[%emt 0:
01:04]} Bxf5 {[%emt 0:00:03]} 42. gxf5 {[%emt 0:00:05]} Kxf5 {[%emt 0:00:03]}
43. Ra1 {[%emt 0:02:35]} Rh8 {[%emt 0:02:36]} 44. Rg1 {[%emt 0:00:16]} Rh2 {
[%emt 0:01:09]} 45. Kf3 {[%emt 0:00:11]} Rh8 {[%emt 0:04:23]} 46. Rg3 {[%emt 0:
04:49]} Rf8 {[%emt 0:00:56]} 47. Ke2 {[%emt 0:00:04]} Rdd8 {[%emt 0:00:27]} 48.
e4+ {[%emt 0:00:48]} Kf6 {[%emt 0:00:02]} 49. Ng4+ {[%emt 0:00:20]} Kg5 {
[%emt 0:00:01]} 50. Ne3+ {[%emt 0:00:40]} Kh4 {[%emt 0:00:07]} 51. Rg6 {
[%emt 0:00:51]} Rb8 {[%emt 0:00:21]} 52. Nf5+ {[%emt 0:00:57]} Kh5 {[%emt 0:00:
33]} 53. Rg7 {[%emt 0:00:06]} 1-0

[Event "Aberto Brasil - II Niterói Chess Open "]
[Site "Salão de Convenções do Hot"]
[Date "2022.09.02"]
[Round "3.9"]
[White "Federzoni, Enzo"]
[Black "Matsuura, Everaldo"]
[Result "0-1"]
[WhiteElo "2158"]
[BlackElo "2437"]
[PlyCount "70"]
[EventDate "2022.09.01"]
[EventRounds "9"]
[EventCountry "BRA"]

1. e4 c5 2. Nf3 Nc6 3. d4 cxd4 4. Nxd4 Nf6 5. Nc3 d6 6. Bg5 e6 7. Qd2 Be7 8.
O-O-O O-O 9. f4 Nxd4 10. Qxd4 Qa5 11. Kb1 h6 12. h4 Rd8 13. Be2 e5 14. Qd2 Nxe4
15. Nxe4 Qxd2 16. Rxd2 hxg5 17. fxe5 dxe5 18. Rxd8+ Bxd8 19. hxg5 Bf5 20. Nd6
Bg6 21. Bd3 Bxd3 22. cxd3 Bxg5 23. Nxb7 f6 24. Rd1 Be3 25. Nd6 Rd8 26. Nc4 Bd4
27. Kc2 Kf7 28. Kd2 f5 29. Ke2 g5 30. Rh1 Kg6 31. b4 Rb8 32. a3 g4 33. Nd6 a5
34. Rb1 f4 35. b5 Rh8 0-1

[Event "Aberto Brasil - II Niterói Chess Open "]
[Site "Salão de Convenções do Hot"]
[Date "2022.09.02"]
[Round "3.10"]
[White "Languidey, Simon Alejandro"]
[Black "Da Cunha, Fabio Barbosa"]
[Result "1-0"]
[WhiteElo "2415"]
[BlackElo "2130"]
[PlyCount "47"]
[EventDate "2022.09.01"]
[EventRounds "9"]
[EventCountry "BRA"]

1. e4 c5 2. Nc3 Nc6 3. g3 d6 4. Bg2 g6 5. Nge2 Bg7 6. d3 e5 7. O-O Nge7 8. Bg5
f6 9. Be3 O-O 10. Qd2 Nd4 11. f4 Be6 12. Rf2 Qd7 13. Raf1 f5 14. Nc1 Rab8 15.
Nd1 b5 16. fxe5 dxe5 17. c3 f4 18. gxf4 Bh3 19. f5 Bxg2 20. Rxg2 Ndxf5 21. exf5
gxf5 22. Bxc5 b4 23. Qe2 Rf7 24. Qxe5 1-0

[Event "Aberto Brasil - II Niterói Chess Open "]
[Site "Salão de Convenções do Hot"]
[Date "2022.09.02"]
[Round "3.11"]
[White "Tomiello, Lucas Costamilan"]
[Black "Molina, Roberto Junio Brito"]
[Result "1/2-1/2"]
[WhiteElo "2147"]
[BlackElo "2390"]
[PlyCount "32"]
[EventDate "2022.09.01"]
[EventRounds "9"]
[EventCountry "BRA"]

1. e4 e5 2. Nf3 Nc6 3. Bb5 a6 4. Ba4 Nf6 5. d3 b5 6. Bb3 Bc5 7. O-O O-O 8. a4
Rb8 9. axb5 axb5 10. Bg5 h6 11. Bh4 Be7 12. Re1 d6 13. Nbd2 Nd7 14. Bxe7 Nxe7
15. c3 b4 16. d4 bxc3 1/2-1/2

[Event "Aberto Brasil - II Niterói Chess Open "]
[Site "Salão de Convenções do Hot"]
[Date "2022.09.02"]
[Round "3.12"]
[White "Filgueiras, Nathan Felipe"]
[Black "Lage, Pedro Ferreira"]
[Result "1-0"]
[WhiteElo "2358"]
[BlackElo "2119"]
[PlyCount "291"]
[EventDate "2022.09.01"]
[EventRounds "9"]
[EventCountry "BRA"]

1. e4 e6 2. d4 d5 3. Nd2 c5 4. exd5 Qxd5 5. Ngf3 cxd4 6. Bc4 Qd6 7. O-O Nf6 8.
Nb3 Nc6 9. Nbxd4 Nxd4 10. Nxd4 a6 11. Re1 Qc7 12. Qe2 Bd6 13. Bg5 O-O 14. Bxf6
gxf6 15. Bd3 f5 16. Qh5 Be5 17. c3 Bg7 18. Re3 Qf4 19. Rg3 Kh8 20. Rd1 b5 21.
Rh3 h6 22. Rh4 Qe5 23. Qf3 Ra7 24. Nc6 Qf6 25. Rxh6+ Qxh6 26. Nxa7 Be5 27. g3
Kg7 28. Bf1 Rh8 29. h3 Qf6 30. Bg2 f4 31. g4 Bb8 32. Nxc8 Rxc8 33. Qb7 Rh8 34.
Rd7 f3 35. Qxf3 Qxf3 36. Bxf3 Rxh3 37. Bg2 Rh8 38. Bf1 Rc8 39. Rb7 Bf4 40. Ra7
Rc6 41. Bg2 Rc4 42. Bf1 Ra4 43. b3 Rxa2 44. Bxb5 Be5 45. Be8 Bxc3 46. Rxf7+ Kh8
47. f4 Bd4+ 48. Kh1 Rf2 49. Bd7 Be3 50. f5 exf5 51. gxf5 Bd4 52. Be6 a5 53. Rd7
Bc3 54. Rc7 Bd4 55. Rc4 Rd2 56. Ra4 Bc3 57. Rg4 Kh7 58. Kg1 Bd4+ 59. Kf1 Bc3
60. Rg3 Be5 61. Rg6 Bd4 62. Rg4 Bc3 63. Bg8+ Kh8 64. Bc4 Kh7 65. Be6 Kh8 66.
Rc4 Bf6 67. Rc7 Bd4 68. Ke1 Rh2 69. Rc4 Bf6 70. Rg4 Bc3+ 71. Kd1 Rf2 72. Rc4
Bf6 73. Rc7 Bd4 74. Rd7 Bf6 75. Ra7 Bc3 76. Kc1 Rh2 77. Rc7 Bd4 78. Rd7 Bc3 79.
Rc7 Bd4 80. Rc4 Bf6 81. Rc8+ Kh7 82. Rf8 Bb2+ 83. Kb1 Rf2 84. Rf7+ Kh8 85. Rc7
Bd4 86. Rc4 Bf6 87. Rc5 Rb2+ 88. Kc1 Ra2 89. Rc8+ Kh7 90. Rf8 Bc3 91. f6 Rf2
92. f7 Bb4 93. Rg8 Kh6 94. Bc4 Kh7 95. Rg4 Kh6 96. Rg3 Bd6 97. Rd3 Bb4 98. Rd8
Kg7 99. Kd1 Kh6 100. Rh8+ Kg5 101. Rg8+ Kh4 102. Rg7 Rd2+ 103. Kc1 Rf2 104. Rg8
Kh5 105. Rd8 Kh6 106. Kd1 Kh5 107. Rd3 Kh6 108. Bd5 Kg7 109. Rg3+ Kh6 110. Bf3
Rd2+ 111. Kc1 Rf2 112. Bd5 Kh5 113. Bc4 Kh6 114. Rg8 Kh5 115. Kd1 Kh6 116. Rd8
Kh5 117. Rd7 Kh6 118. Rb7 Rd2+ 119. Ke1 Rd8+ 120. Ke2 Kg7 121. Rb5 Rh8 122.
Rg5+ Kf6 123. Rg8 Rh4 124. f8=Q+ Bxf8 125. Rxf8+ Ke7 126. Ra8 Rh5 127. Ra6 Kd7
128. Kd3 Kc7 129. Kc3 Kb7 130. Rd6 Rh3+ 131. Kb2 Rg3 132. Rd5 a4 133. bxa4 Rh3
134. Rd3 Rh5 135. Kb3 Ka7 136. Kb4 Rg5 137. Re3 Rg7 138. Re6 Rg5 139. Re7+ Kb8
140. Bb5 Rh5 141. Ka5 Rh6 142. Bc4 Rg6 143. Be6 Rg1 144. Ka6 Rb1 145. Bc4 Rg1
146. Kb6 1-0

[Event "Aberto Brasil - II Niterói Chess Open "]
[Site "Salão de Convenções do Hot"]
[Date "2022.09.02"]
[Round "3.13"]
[White "Rodi, Luis Ernesto"]
[Black "Lima, Kleyton Alcantara"]
[Result "1/2-1/2"]
[WhiteElo "2327"]
[BlackElo "2107"]
[PlyCount "98"]
[EventDate "2022.09.01"]
[EventRounds "9"]
[EventCountry "BRA"]

1. e4 e5 2. Nf3 Nc6 3. d4 exd4 4. Nxd4 Nf6 5. Nxc6 bxc6 6. e5 Qe7 7. Qe2 Nd5 8.
c4 Nb6 9. Nc3 Qe6 10. Qe4 d5 11. exd6 cxd6 12. Bd3 Qxe4+ 13. Bxe4 Bb7 14. b3 d5
15. cxd5 cxd5 16. Bf3 Bb4 17. Bd2 O-O 18. Ne2 a5 19. O-O-O Bc5 20. Be1 a4 21.
b4 Be7 22. Kb1 Rac8 23. Bc3 a3 24. Rc1 Na4 25. Bd2 Ba6 26. Nf4 Bf6 27. Be2 Bxe2
28. Nxe2 Bb2 29. Rxc8 Rxc8 30. Nf4 d4 31. Nd3 Nc3+ 32. Bxc3 Bxc3 33. Rd1 f6 34.
Kc2 Bxb4+ 35. Kb3 Bd6 36. Rc1 Rxc1 37. Nxc1 Bxh2 38. Kxa3 h5 39. Kb3 h4 40. Kc4
g5 41. Kxd4 g4 42. Ke3 Bb8 43. Nd3 Kg7 44. a4 Kg6 45. a5 Kf5 46. a6 Ba7+ 47.
Ke2 h3 48. gxh3 gxh3 49. Kf3 h2 1/2-1/2

[Event "Aberto Brasil - II Niterói Chess Open "]
[Site "Salão de Convenções do Hot"]
[Date "2022.09.02"]
[Round "3.14"]
[White "Nemeth Junior, Henrique"]
[Black "Baules Rodriguez, Jorge Luis"]
[Result "1/2-1/2"]
[WhiteElo "2137"]
[BlackElo "2307"]
[PlyCount "80"]
[EventDate "2022.09.01"]
[EventRounds "9"]
[EventCountry "BRA"]

1. e4 c5 2. Nf3 d6 3. d4 cxd4 4. Nxd4 Nf6 5. Nc3 g6 6. Be3 Bg7 7. f3 O-O 8. Qd2
Nc6 9. g4 Be6 10. Nxe6 fxe6 11. h4 Ne5 12. Be2 Qc8 13. h5 Nfd7 14. hxg6 hxg6
15. Bh6 Nxf3+ 16. Bxf3 Bxc3 17. bxc3 Rxf3 18. Be3 Qc4 19. O-O-O Rc8 20. Qh2 Nf8
21. Rd3 Qxe4 22. Kd2 Kf7 23. Qh4 Ke8 24. Rb1 Nd7 25. Rb4 Qc6 26. Rf4 Ne5 27.
Qh8+ Kd7 28. Qxe5 Rxf4 29. Qxf4 Qa6 30. a4 Rc4 31. Qg5 Qxa4 32. Rd4 Rxd4+ 33.
Bxd4 e5 34. Be3 Qe4 35. Bxa7 Qg2+ 36. Kc1 Qf1+ 37. Kb2 Qb5+ 38. Kc1 Qf1+ 39.
Kd2 Qg2+ 40. Kc1 Qf1+ 1/2-1/2

[Event "Aberto Brasil - II Niterói Chess Open "]
[Site "Salão de Convenções do Hot"]
[Date "2022.09.02"]
[Round "3.15"]
[White "Limp, Eduardo Thelio"]
[Black "Almeida Junior, Alvaro Alves De"]
[Result "1-0"]
[WhiteElo "2298"]
[BlackElo "2044"]
[PlyCount "56"]
[EventDate "2022.09.01"]
[EventRounds "9"]
[EventCountry "BRA"]

1. e4 c5 2. Nf3 d6 3. d4 cxd4 4. Nxd4 Nf6 5. Nc3 a6 6. Bg5 e6 7. f4 Be7 8. Qf3
Qc7 9. O-O-O Nbd7 10. g4 b5 11. Bxf6 Nxf6 12. g5 Nd7 13. f5 Bxg5+ 14. Kb1 Ne5
15. Qh5 Qd8 16. h4 Bf6 17. fxe6 O-O 18. Bh3 Kh8 19. Nd5 fxe6 20. Bxe6 Ra7 21.
Rdf1 g6 22. Qe2 Bg7 23. h5 Rxf1+ 24. Qxf1 Bxe6 25. Nxe6 Qg8 26. Ng5 h6 27. hxg6
Qe8 28. Qf5 Qf7 1-0

[Event "Aberto Brasil - II Niterói Chess Open "]
[Site "Salão de Convenções do Hot"]
[Date "2022.09.02"]
[Round "3.16"]
[White "De Carvalho, Vitor Augusto Ponci"]
[Black "Cominato Neto, Jose Luis"]
[Result "1/2-1/2"]
[WhiteElo "2058"]
[BlackElo "2270"]
[PlyCount "27"]
[EventDate "2022.09.01"]
[EventRounds "9"]
[EventCountry "BRA"]

1. e4 c5 2. Nf3 e6 3. Qe2 Nc6 4. g3 d6 5. Bg2 g6 6. O-O Bg7 7. c3 Nge7 8. Rd1
d5 9. d4 cxd4 10. Nxd4 Nxd4 11. cxd4 Nc6 12. e5 O-O 13. Nc3 Bd7 14. Be3 1/2-1/2

[Event "Aberto Brasil - II Niterói Chess Open "]
[Site "Salão de Convenções do Hot"]
[Date "2022.09.02"]
[Round "3.17"]
[White "Boff, Lucas Strauss"]
[Black "Pires, Marcos Vinicius Tor"]
[Result "1-0"]
[WhiteElo "2043"]
[BlackElo "2262"]
[PlyCount "87"]
[EventDate "2022.09.01"]
[EventRounds "9"]
[EventCountry "BRA"]

1. Nf3 d5 2. c4 c6 3. e3 Nf6 4. Nc3 a6 5. b3 Bf5 6. Be2 h6 7. O-O e6 8. Bb2
Nbd7 9. d4 Bd6 10. Rc1 O-O 11. Bd3 Bxd3 12. Qxd3 Qe7 13. Rfe1 Bb4 14. Re2 Rad8
15. Rec2 Rfe8 16. Nb1 Bd6 17. Ne5 dxc4 18. Nxc4 e5 19. dxe5 Nxe5 20. Nxe5 Bxe5
21. Qe2 Bxb2 22. Rxb2 Ne4 23. Rcc2 Rd5 24. Nd2 Red8 25. g3 Nc5 26. Nf1 Nd3 27.
Rb1 Rf5 28. f4 Nb4 29. Rd2 Rxd2 30. Qxd2 Rd5 31. Qe2 Qe4 32. Rb2 Nd3 33. Rd2 f5
34. Rc2 Qe6 35. Rd2 Nb4 36. Qc4 a5 37. a3 b5 38. Qc3 Rxd2 39. Qxd2 Nd5 40. Qxa5
Nxe3 41. Qe1 Qxb3 42. Qxe3 Qc2 43. Nd2 c5 44. Qb3+ 1-0

[Event "Aberto Brasil - II Niterói Chess Open "]
[Site "Salão de Convenções do Hot"]
[Date "2022.09.02"]
[Round "3.18"]
[White "De Souza, Regis Gabetta"]
[Black "Campos, Alexandre Ferreira"]
[Result "1-0"]
[WhiteElo "2245"]
[BlackElo "2042"]
[PlyCount "99"]
[EventDate "2022.09.01"]
[EventRounds "9"]
[EventCountry "BRA"]

1. d4 d5 2. c4 dxc4 3. e3 Nf6 4. Bxc4 e6 5. Nf3 c5 6. O-O cxd4 7. exd4 Be7 8.
Qe2 O-O 9. Nc3 a6 10. a4 Nc6 11. Rd1 Nb4 12. Bf4 Nfd5 13. Bg3 b6 14. Rac1 Bb7
15. h3 Rc8 16. Bb3 Nf6 17. Ne5 Nbd5 18. Bc2 Ra8 19. Bb1 Nxc3 20. bxc3 b5 21.
axb5 axb5 22. Bd3 Qd5 23. Nf3 Ra2 24. c4 Rxe2 25. cxd5 Rb2 26. Rc7 Bxd5 27.
Rxe7 b4 28. Be5 Bxf3 29. gxf3 Nd5 30. Rb7 f6 31. Bd6 Rc8 32. Bc5 b3 33. Bc4 Nf4
34. Rxb3 Nxh3+ 35. Kh2 Rxb3 36. Bxb3 Nf4 37. Rb1 Kf7 38. Bc2 f5 39. Rb7+ Kf6
40. Bb3 g5 41. Bd6 Rc3 42. Be5+ Kg6 43. Bxf4 gxf4 44. Kg2 Rd3 45. Bxe6 Rxd4 46.
Rb5 Kf6 47. Bxf5 h6 48. Be4 Rd7 49. Rb6+ Ke7 50. Rxh6 1-0

[Event "Aberto Brasil - II Niterói Chess Open "]
[Site "Salão de Convenções do Hot"]
[Date "2022.09.02"]
[Round "3.19"]
[White "Araujo, Renan Aparecido"]
[Black "Marra, Eduardo Da Costa"]
[Result "1/2-1/2"]
[WhiteElo "2031"]
[BlackElo "2244"]
[PlyCount "37"]
[EventDate "2022.09.01"]
[EventRounds "9"]
[EventCountry "BRA"]

1. e4 c5 2. Nf3 e6 3. d4 cxd4 4. Nxd4 Nf6 5. Nc3 Nc6 6. Nxc6 bxc6 7. e5 Nd5 8.
Ne4 Qc7 9. f4 Qa5+ 10. c3 Be7 11. Bd3 Qb6 12. Qe2 a5 13. a3 Ba6 14. c4 Qd4 15.
Rb1 Rb8 16. b4 O-O 17. Bb2 Qe3 18. b5 Qxe2+ 19. Bxe2 1/2-1/2

[Event "Aberto Brasil - II Niterói Chess Open "]
[Site "Salão de Convenções do Hot"]
[Date "2022.09.02"]
[Round "3.20"]
[White "Terao, Juliana Sayumi"]
[Black "Da Matta, Eduardo Cesar"]
[Result "1-0"]
[WhiteElo "2223"]
[BlackElo "2038"]
[PlyCount "55"]
[EventDate "2022.09.01"]
[EventRounds "9"]
[EventCountry "BRA"]

1. e4 c5 2. Nf3 d6 3. c3 Nf6 4. h3 g6 5. Bd3 Bg7 6. Bc2 Nc6 7. O-O O-O 8. d4
Nd7 9. d5 Nce5 10. Nh2 b5 11. b3 Nb6 12. Be3 a5 13. Qd2 a4 14. Na3 Ba6 15. Rfd1
Rb8 16. Rac1 axb3 17. axb3 b4 18. cxb4 c4 19. b5 cxb3 20. Bxb3 Bb7 21. Qe2 f5
22. exf5 Rxf5 23. Nc2 Ned7 24. Nb4 Rc8 25. Nc6 Qf8 26. Bxb6 Nxb6 27. Nxe7+ Kh8
28. Nxf5 1-0

[Event "Aberto Brasil - II Niterói Chess Open "]
[Site "Salão de Convenções do Hot"]
[Date "2022.09.02"]
[Round "3.21"]
[White "Castro Silva, Alex"]
[Black "Gauche, Charles"]
[Result "0-1"]
[WhiteElo "1928"]
[BlackElo "2219"]
[PlyCount "89"]
[EventDate "2022.09.01"]
[EventRounds "9"]
[EventCountry "BRA"]

1. e4 e5 2. Nf3 Nf6 3. d4 Nxe4 4. Bd3 d5 5. dxe5 Nc5 6. Be2 Be7 7. O-O Ne6 8.
Nc3 c6 9. Nd4 Nxd4 10. Qxd4 Be6 11. Kh1 O-O 12. f4 f5 13. Qd3 d4 14. Nb1 c5 15.
c3 Nc6 16. b3 Bd5 17. Bf3 Bxf3 18. Rxf3 dxc3 19. Nxc3 Qxd3 20. Rxd3 Rfd8 21.
Nd5 Kf7 22. Be3 Rac8 23. Rad1 Bf8 24. h3 Rd7 25. Nc3 Rxd3 26. Rxd3 Ke6 27. g4
g6 28. Kg2 Nb4 29. Rd2 c4 30. bxc4 Rxc4 31. Nb5 Nd5 32. Nd4+ Kf7 33. Nxf5 Nxf4+
34. Kf3 gxf5 35. Bxf4 Rc3+ 36. Kg2 fxg4 37. hxg4 Ke6 38. Rd8 Be7 39. Rh8 Rc2+
40. Kf3 Rxa2 41. Rxh7 Ra3+ 42. Ke4 Ra4+ 43. Kf3 b5 44. g5 Ra1 45. Rh6+ 0-1

[Event "Aberto Brasil - II Niterói Chess Open "]
[Site "Salão de Convenções do Hot"]
[Date "2022.09.02"]
[Round "3.22"]
[White "Luz, Arthur Nader"]
[Black "Cruz, Natan Gomes"]
[Result "1-0"]
[WhiteElo "2199"]
[BlackElo "1881"]
[PlyCount "71"]
[EventDate "2022.09.01"]
[EventRounds "9"]
[EventCountry "BRA"]

1. e4 c6 2. d4 d5 3. f3 Na6 4. c3 Nc7 5. Bd3 h5 6. Be3 h4 7. Nd2 Be6 8. Ne2 g6
9. Nf4 Bc8 10. Qc2 Bh6 11. e5 Bxf4 12. Bxf4 Ne6 13. Be3 Qb6 14. O-O-O Bd7 15.
Bxg6 fxg6 16. Qxg6+ Kd8 17. f4 Nh6 18. f5 Be8 19. Qxe6 Bf7 20. Qxh6 Rxh6 21.
Bxh6 Qa6 22. g4 hxg3 23. hxg3 c5 24. dxc5 Rc8 25. e6 Be8 26. Nb3 Qxa2 27. Rxd5+
Kc7 28. Bf4+ Kc6 29. Rhd1 Qxb3 30. R5d4 a5 31. Bg5 Bh5 32. g4 Rg8 33. Bxe7 Rxg4
34. Rd6+ Kc7 35. Bd8+ Kc8 36. Bb6 1-0